000 00855nam0a22002411 4500
001 RU\NLR\INFOCOMM_190\5000089052
005 20250613102006.0
035 _a(NLR Aleph) 009408299
090 _a8146999
_c8146999
100 _a20110203d1929 |||y0rusy50 ca
101 0 _ager
102 _aRU
105 _ay ||||000|y
200 1 _aˆ...‰ Taschenbuch für Ausländer
_eBestimmungen der UdSSR über: Zölle, Valuta, Reisegepäck, Postsendungen
_fHandelskammer der Union der S.S.R. für den Westen. Deutsche Sektion
210 _aMoskau
_cВсесоюзно-западная торговая палата
_d1929
215 _a40 с.
_d15 см
300 _aНа обл. дата: 1930
710 0 2 _aHandelskammer für den Westen
_cUdSSR
_4070
801 1 _aRU
_bNLR
_c20110203
801 0 _aRU
_bNLR
_gPSBO
852 _aNLR
_jЕ-8/769
942 _cBOOK
980 _aNB